[Event "SWE-ch"]
[Site "Linkoping"]
[Date "2001.07.13"]
[Round "12"]
[White "Hector, Jonny"]
[Black "Agrest, Evgenij"]
[Result "0-1"]
[WhiteElo "2552"]
[BlackElo "2529"]
[Annotator "Ziegler,A"]
[PlyCount "170"]
[EventDate "2001.06.30"]
[EventType "tourn"]
[EventRounds "13"]
[EventCountry "SWE"]
[EventCategory "8"]
[SourceTitle "CBM 085"]
[Source "ChessBase"]
[SourceDate "2001.11.13"]
[SourceVersion "1"]
[SourceVersionDate "2001.11.13"]
[SourceQuality "1"]

1. e4 c5 2. Nf3 e6 3. d4 cxd4 4. Nxd4 a6 5. Nc3 Qc7 6. Bd3 Bc5 7. Nb3 Be7 8.
Qg4 g6 9. Bg5 d6 10. Bxe7 Nxe7 ({Erling Mortensen tog med damen mot Jonny i
Copenhagen Open 1996.} 10... Qxe7) 11. O-O-O e5 12. Qg5 Be6 13. Be2 Nbc6 14.
Qd2 {Med de sista dragen konsoliderar Jonny sin ställning. Han resonerar
antagligen som så att han har åsamkat svart tillräkligt med svagheter.} Bxb3
15. axb3 Nd4 16. Kb1 O-O-O 17. Bc4 f5 18. f3 Kb8 19. Nd5 Nxd5 20. Bxd5 f4 21.
Qf2 Nc6 22. c3 Ne7 23. Be6 Rhf8 24. b4 {[#] Vits ställning ser en smula mer
aptitlig ut.} Rf6 25. Bb3 Nc8 26. Rd3 h6 27. Qe2 g5 28. Kc2 Rd7 29. Ra1 Qb6 30.
h3 (30. b5 $5 axb5 31. Rd5 b4 32. Rb5 Qe3 33. Qxe3 fxe3 34. Rxb4 {Vit står
bättre}) 30... Rg7 31. Kb1 h5 32. Bd1 Qc7 33. Ra5 Nb6 34. b3 Nc8 35. Qa2 Na7
36. Be2 Qb6 37. Qd2 Nb5 38. Kb2 Rfg6 39. Ra1 Rc7 40. Bd1 Rg8 {Agrest är mycket
stark med lite tid kvar på klockan. Nu har han vänt partiet till en liten
fördel. [#]} 41. Ra5 Rc6 42. c4 Nd4 43. Rd5 Qc7 44. Rc3 Rc8 45. Rd3 Qe7 46. Kb1
b5 47. R3xd4 exd4 48. Be2 Qb7 49. Rxd4 Qb6 50. Kb2 R8c7 51. Ka3 Ka7 52. Rd5 Qg1
53. Qd4+ Qxd4 54. Rxd4 {[#] Agrest är mycket hård. En remi är inte fy skam i
näst sista, men nu när han har chansen att vinna ger han allt.} Re7 55. Kb2 Re5
56. Rd1 Kb6 57. Ra1 Rc8 58. Kc3 bxc4 59. Bxc4 a5 60. Rd1 axb4+ 61. Kxb4 {
Löpare + bonde brukar räknas som likvärdigt med ett torn i slutspel. Speciellt
nu när löparen har solida stödjepunkter i centrum.} Rb8 62. Kc3 Kc7 63. Ra1 g4
64. hxg4 hxg4 65. Bd5 Kb6 66. Rh1 Rc8+ 67. Kd3 g3 68. Rh6 Kc5 69. Rh7 Kb4 70.
Rf7 Rc1 {[#]} 71. Rxf4 {Jonny spelar på vinst. Vilket är förknippat med vissa
risker i ställningen.} (71. Rb7+ Ka3 72. Ra7+ Kb4 73. Rb7+) 71... Rd1+ 72. Kc2
Rg1 73. Rg4 Rxg2+ 74. Kd3 Rg1 75. Ke3 Rh5 {[#]} 76. f4 (76. Kf4 {Såg svårare
ut.} Rh3 (76... g2 77. Kg3 {Remi.}) 77. Be6 Kc3 78. Rg8 Rh6 79. Bd5 Rf6+ 80.
Kg4 Kd4 81. f4 g2 82. Kg3 Rxf4 83. Kh2 Rff1 84. Rxg2 Rh1+ 85. Kg3 Rh6 86. Ra2
Rg1+ 87. Kf2 Rh2+ 88. Kxg1 Rxa2 89. Kf1 {Ser ut som en dragtvångshistoria.} Ke3
90. Kg1 Rf2 91. Bc6 Rb2 92. Bd5 Kf3 {Svart vinner.}) 76... Rh2 77. e5 Kc5 78.
Bf3 Rb2 79. exd6 Rxb3+ 80. Ke2 Rb2+ 81. Kd3 Kxd6 82. Ke4 Rb3 83. f5 Rb4+ 84.
Ke3 Re1+ 85. Kd2 Rxg4 {Tack vare att Emanuel vinner varje parti just nu, var
det nog extra skönt för Evgenij att vinna så att han har en poäng till godo
inför sista ronden.} 0-1